ਕਰਬ ਜਿਨਾਂ ਦੀ ਜੀਵੇ ਹੂ : (Record no. 110622)

MARC details
000 -LEADER
fixed length control field 01130nam a22002537a 4500
005 - DATE AND TIME OF LATEST TRANSACTION
control field 20170123164155.0
010 ## - LIBRARY OF CONGRESS CONTROL NUMBER
LC control number B-081201
020 ## - INTERNATIONAL STANDARD BOOK NUMBER
Terms of availability 200.00
035 ## - SYSTEM CONTROL NUMBER
System control number B-081201
037 ## - SOURCE OF ACQUISITION
Source of stock number/acquisition Cen Lib / Ret
040 ## - CATALOGING SOURCE
Original cataloging agency DPL
Language of cataloging PN
082 ## - DEWEY DECIMAL CLASSIFICATION NUMBER
Classification number 850.8
Item number ਭੁੱਲਰ,
245 ## - TITLE STATEMENT
Title ਕਰਬ ਜਿਨਾਂ ਦੀ ਜੀਵੇ ਹੂ :
Statement of responsibility, etc ਸੰਪਾਦਕ ਗੁਰਬਚਨ ਸਿੰਘ ਭੁੱਲਰ
Remainder of title ਜੋਗਾ ਸਿੰਘ ਨੂੰ ਯਾਦ ਕਰਦੀਆਂ /
246 ## - VARYING FORM OF TITLE
Title proper/short title Qabar jinahn di jiwey hoo : joga singh nu yaad kardyan /
Remainder of title edited by Gurbachan Singh Bhullar
260 ## - PUBLICATION, DISTRIBUTION, ETC. (IMPRINT)
Place of publication, distribution, etc ਲੁਧਿਆਨਾ
Name of publisher, distributor, etc ਚੇਤਨਾ ਪ੍ਰਕਾਸ਼ਨ
Date of publication, distribution, etc 2001
270 ## - ADDRESS
Address ਪੰਜਾਬੀ ਭਵਨ
City ਲੁਧਿਆਨਾ
Postal code 160022
300 ## - PHYSICAL DESCRIPTION
Extent 263p.
Dimensions 21cm(pbk)
650 ## - SUBJECT ADDED ENTRY--TOPICAL TERM
Topical term or geographic name as entry element ਪੰਜਾਬੀ-- ਸਾਹਿਤ
9 (RLIN) 130685
650 ## - SUBJECT ADDED ENTRY--TOPICAL TERM
Topical term or geographic name as entry element ਪੰਜਾਬੀ-- ਕਵਿਤਾਵਾਂ
9 (RLIN) 130686
650 ## - SUBJECT ADDED ENTRY--TOPICAL TERM
Topical term or geographic name as entry element Punjabi-- Literature
9 (RLIN) 781
650 ## - SUBJECT ADDED ENTRY--TOPICAL TERM
Topical term or geographic name as entry element Punjabi Literature--Fiction
9 (RLIN) 9827
700 ## - ADDED ENTRY--PERSONAL NAME
Personal name ਭੁੱਲਰ, ਗੁਰਬਚਨ ਸਿੰਘ
9 (RLIN) 130687
942 ## - ADDED ENTRY ELEMENTS (KOHA)
Source of classification or shelving scheme Dewey Decimal Classification
Koha item type Punjabi Bks
Classification part 850.8
Call number suffix ਭੁੱਲਰ
Holdings
Withdrawn status Lost status Damaged status Not for loan Home library Current library Date acquired Source of acquisition Cost, normal purchase price Total Checkouts Full call number Barcode Date last seen Copy number Cost, replacement price Price effective from Koha item type
        Central Library Central Library 05/02/2016 Cen Lib/Ret 200.00   850.8 ਭੁੱਲਰ, B-081201 05/02/2016 1 200.00 05/02/2016 Punjabi Bks

© Delhi Public Library
Hit Counter
free hit counter